[Event "TCh-TUR Super League 2023"]
[Site "Ankara TUR"]
[Date "2023.07.14"]
[Round "5.5"]
[Board "3"]
[White "Tarhan, Adar"]
[Black "Murzin, Volodar"]
[Result "0-1"]
[WhiteTitle "FM"]
[BlackTitle "GM"]
[WhiteElo "2347"]
[BlackElo "2623"]
[WhiteTeam "ROTA KOLEJI"]
[BlackTeam "BAYEGAN PENDIK"]
[WhiteFideId "34544712"]
[BlackFideId "44155573"]
[EventDate "2023.07.10"]

1. d4 Nf6 2. c4 g6 3. f3 Bg7 4. e4 O-O 5. Nc3 d6 6. Be3 c6 7. Qd2 a6 8. a4 a5 9.
Bd3 Na6 10. Nge2 Nb4 11. O-O Nd7 12. Rad1 Nxd3 13. Qxd3 e5 14. d5 c5 15. g4 h5
16. gxh5 f5 17. hxg6 f4 18. Bd2 Bf6 19. g7 Kxg7 20. Rf2 Rh8 21. Kf1 Nf8 22. Ng1
Kf7 23. Rg2 Ng6 24. Be1 Bh4 25. Ke2 Bxe1 26. Rxe1 Nh4 27. Rf2 Rg8 28. Nb5 Ra6
29. Kd2 Ng2 30. Rc1 Qh4 31. Re2 Ke7 32. Qc3 Kd8 33. Kc2 Bd7 34. Ra1 Ne3+ 35. Kd3
Kc8 36. Qe1 Qh6 37. Rf2 Ra8 38. Nc3 Kc7 39. Nge2 Qh3 40. Ng1 Qh5 41. Nge2 Rg6
42. Nd1 Ng2 43. Qh1 Nh4 44. Ndc3 Bh3 45. Nb5+ Kd7 46. Qd1 Rag8 47. Qb3 Rg2 48.
Rff1 Nxf3 49. Nbc3 Kc8 50. Qb6 Rxe2 51. Nxe2 Bxf1 52. Rxf1 Qh3 53. Qxd6 Nd4+ 54.
Kd2 Qe3+ 0-1

[Event "TCh-TUR Super League 2023"]
[Site "Ankara TUR"]
[Date "2023.07.14"]
[Round "5.5"]
[Board "4"]
[White "Solak, Dragan"]
[Black "Karaoglan, Doruk"]
[Result "1-0"]
[WhiteTitle "GM"]
[BlackTitle "CM"]
[WhiteElo "2586"]
[BlackElo "2247"]
[WhiteTeam "BAYEGAN PENDIK"]
[BlackTeam "ROTA KOLEJI"]
[WhiteFideId "916811"]
[BlackFideId "6390927"]
[EventDate "2023.07.10"]

1. e4 c5 2. Nf3 d6 3. d4 cxd4 4. Nxd4 Nf6 5. Nc3 g6 6. Be3 Bg7 7. f3 O-O 8. Qd2
Nc6 9. O-O-O d5 10. exd5 Nxd5 11. Nxc6 bxc6 12. Bd4 Bxd4 13. Qxd4 Qb6 14. Na4
Qc7 15. Bc4 Rd8 16. Nc5 Rd6 17. Bb3 Rb8 18. Rhe1 Rb4 19. Qe5 Qa5 20. a3 Rb5 21.
Bxd5 Rxd5 22. Rxd5 cxd5 23. Nb3 Qb6 24. Qxe7 Be6 25. Nd4 Rxb2 26. Qe8+ Kg7 27.
Nxe6+ fxe6 28. Qe7+ Kg8 29. Qxe6+ Qxe6 30. Rxe6 Ra2 31. Ra6 Ra1+ 32. Kb2 Rh1 33.
h3 Rh2 34. Rxa7 Rxg2 35. a4 Rf2 36. a5 Rxf3 37. Rd7 Rf6 38. Kb3 h5 39. Kb4 Rc6
40. Kb5 Rxc2 41. a6 d4 42. a7 Ra2 43. Kc4 g5 44. Rd8+ 1-0

[Event "TCh-TUR Super League 2023"]
[Site "Ankara TUR"]
[Date "2023.07.14"]
[Round "5.5"]
[Board "5"]
[White "Mammadova, Narmin"]
[Black "Atalik, Ekaterina"]
[Result "1/2-1/2"]
[WhiteTitle "WIM"]
[BlackTitle "IM"]
[WhiteElo "2241"]
[BlackElo "2407"]
[WhiteTeam "ROTA KOLEJI"]
[BlackTeam "BAYEGAN PENDIK"]
[WhiteFideId "13403710"]
[BlackFideId "4130189"]
[EventDate "2023.07.10"]

1. e4 e5 2. Nf3 Nc6 3. Bc4 Nf6 4. d3 h6 5. O-O d6 6. c3 g5 7. a4 Bg7 8. Nbd2 O-O
9. Bb3 Ne7 10. Re1 Ng6 11. Nf1 c6 12. Ng3 g4 13. Nd2 d5 14. Ndf1 dxe4 15. dxe4
Qxd1 16. Rxd1 Be6 17. Bc2 Rfd8 18. Be3 Rxd1 19. Rxd1 Bf8 20. Ne2 Nh5 21. Nfg3
Nhf4 22. Bxf4 exf4 23. Nh5 f3 24. Nef4 Ne5 25. Nxe6 fxe6 26. Nf6+ Kf7 27. Nd7
Bg7 28. Nxe5+ Bxe5 29. gxf3 gxf3 30. Rd3 Rg8+ 31. Kh1 Ke7 32. Rxf3 Rf8 33. Rxf8
Kxf8 34. Kg2 Bf4 35. h3 Ke7 36. Kf3 Bc1 37. b3 Bd2 38. e5 Bxc3 39. Ke4 Bb2 40.
Bd1 Bc3 41. f4 Bd2 42. Bg4 b5 43. f5 exf5+ 44. Bxf5 bxa4 45. bxa4 a5 1/2-1/2

[Event "TCh-TUR Super League 2023"]
[Site "Ankara TUR"]
[Date "2023.07.14"]
[Round "5.5"]
[Board "6"]
[White "Nihal, Sarin"]
[Black "Yavuz, Efe Metehan"]
[Result "1-0"]
[WhiteTitle "GM"]
[BlackTitle "FM"]
[WhiteElo "2688"]
[BlackElo "2346"]
[WhiteTeam "BAYEGAN PENDIK"]
[BlackTeam "ROTA KOLEJI"]
[WhiteFideId "25092340"]
[BlackFideId "34514570"]
[EventDate "2023.07.10"]

1. Nf3 Nf6 2. d4 e6 3. c3 c5 4. Bf4 Qb6 5. Qb3 cxd4 6. Qxb6 axb6 7. Nxd4 Na6 8.
Nd2 Bc5 9. e3 Nh5 10. Bg5 h6 11. Bh4 Bxd4 12. exd4 g5 13. Be2 Nf4 14. Bg3 Nxe2
15. Kxe2 d5 16. h4 g4 17. Be5 O-O 18. f3 f6 19. Bd6 Re8 20. Kf2 e5 21. Rhe1 Re6
22. dxe5 fxe5 23. Ba3 gxf3 24. Nxf3 e4 25. Nd4 Rg6 26. Ne2 Nc5 27. Nf4 Rf6 28.
Ke3 Rxf4 29. Kxf4 Nd3+ 30. Ke3 Nxe1 31. Rxe1 Kg7 32. Rf1 Bd7 33. Rd1 Be6 34. c4
dxc4 35. Rd6 Kf6 36. Bb4 Ra6 37. a3 b5 38. Rd8 Rc6 39. Kxe4 Rc8 40. Rd6 Rg8 41.
Bc3+ Kf7 42. Rb6 Bc8 43. Kf3 h5 44. Rxb5 Ke7 45. g3 Kd6 46. Kg2 Bg4 47. Rxb7 Kc6
48. Re7 Kb5 49. Re5+ Ka4 50. Ra5+ Kb3 51. Rb5+ Kc2 52. a4 Rf8 53. a5 Bf3+ 54.
Kg1 Kd3 55. a6 Be4 56. Re5 Ke3 57. a7 Kf3 58. Kh2 Ke3 59. g4 hxg4 60. Kg3 Rf3+
61. Kxg4 Rf8 62. h5 Rg8+ 63. Kh4 Kf4 64. Rxe4+ Kxe4 65. h6 Kf5 66. h7 Rg6 1-0

[Event "TCh-TUR Super League 2023"]
[Site "Ankara TUR"]
[Date "2023.07.14"]
[Round "5.6"]
[Board "2"]
[White "Indjic, Aleksandar"]
[Black "Skoberne, Jure"]
[Result "1/2-1/2"]
[WhiteTitle "GM"]
[BlackTitle "GM"]
[WhiteElo "2619"]
[BlackElo "2536"]
[WhiteTeam "DENIZ SU SATRANC GENCLIK VE"]
[BlackTeam "BURHANIYE"]
[WhiteFideId "911925"]
[BlackFideId "14604299"]
[EventDate "2023.07.10"]

1. e4 e6 2. d4 d5 3. e5 c5 4. c3 Nc6 5. Nf3 Bd7 6. Be2 Nge7 7. Na3 Nf5 8. Nc2
cxd4 9. cxd4 Be7 10. O-O O-O 11. Bd3 f6 12. b4 fxe5 13. dxe5 Nxb4 14. Nxb4 Bxb4
15. Rb1 Bc5 16. Rxb7 Rb8 17. Bg5 Qc8 18. Rxb8 Qxb8 19. Qc2 Bb6 20. Qd2 Qe8 21.
Bxf5 Rxf5 22. Be3 Rxf3 23. gxf3 Qg6+ 24. Kh1 Qh5 25. Bxb6 Qxf3+ 26. Kg1 Qg4+ 27.
Kh1 Qf3+ 28. Kg1 Qg4+ 29. Kh1 Qf3+ 30. Kg1 Qg4+ 1/2-1/2

[Event "TCh-TUR Super League 2023"]
[Site "Ankara TUR"]
[Date "2023.07.14"]
[Round "5.6"]
[Board "3"]
[White "Celik, Hasan Huseyin"]
[Black "Citak, Selim"]
[Result "1/2-1/2"]
[WhiteTitle "FM"]
[BlackTitle "FM"]
[WhiteElo "2405"]
[BlackElo "2327"]
[WhiteTeam "BURHANIYE"]
[BlackTeam "DENIZ SU SATRANC GENCLIK VE"]
[WhiteFideId "44506759"]
[BlackFideId "6301819"]
[EventDate "2023.07.10"]

1. c4 e6 2. Nc3 d5 3. d4 Nf6 4. Bg5 Be7 5. e3 O-O 6. Nf3 h6 7. Bh4 Ne4 8. Bxe7
Qxe7 9. Rc1 c6 10. Bd3 Nxc3 11. Rxc3 Nd7 12. O-O dxc4 13. Bxc4 b6 14. Bd3 c5 15.
Be4 Rb8 16. Qc2 Nf6 17. dxc5 Nxe4 18. Qxe4 bxc5 19. b3 Bb7 20. Qf4 Bxf3 21. Qxf3
Rfd8 22. Rc2 Rd5 23. Rfc1 Rbd8 24. g3 Rd2 25. Kg2 Rxc2 26. Rxc2 Rd5 27. Rc4 Qd7
28. Ra4 Kh7 29. h4 g6 30. Rf4 Kg7 1/2-1/2

[Event "TCh-TUR Super League 2023"]
[Site "Ankara TUR"]
[Date "2023.07.14"]
[Round "5.6"]
[Board "4"]
[White "Yurtseven, Melih"]
[Black "Bicer, Atakan Mert"]
[Result "1/2-1/2"]
[WhiteTitle "IM"]
[BlackTitle "FM"]
[WhiteElo "2329"]
[BlackElo "2311"]
[WhiteTeam "DENIZ SU SATRANC GENCLIK VE"]
[BlackTeam "BURHANIYE"]
[WhiteFideId "6312160"]
[BlackFideId "34560645"]
[EventDate "2023.07.10"]

1. Nf3 Nf6 2. c4 b6 3. g3 Bb7 4. Bg2 e6 5. O-O Be7 6. Nc3 O-O 7. Re1 d5 8. cxd5
exd5 9. d4 Nbd7 10. Bf4 c5 11. Rc1 Ne4 12. Nd2 f5 13. Ndxe4 dxe4 14. Qb3+ Kh8
15. Red1 g5 16. Be5+ Bf6 17. Nb5 Bxe5 18. dxe5 Qe7 19. Nc7 Rac8 20. Nb5 c4 21.
Qc3 Nxe5 22. Nd6 Rc5 23. g4 fxg4 24. Bxe4 Bxe4 25. Nxe4 Rc6 26. Rd5 Re6 27. Rcd1
Kg8 28. b3 cxb3 29. Qxb3 Qf7 30. Kh1 h6 31. Nd6 Qf6 32. Ne4 Qf7 33. Nd6 Qf6 34.
R5d4 Nf7 35. Ne4 Qg6 36. Ng3 Rf6 37. Kg1 h5 38. Qc4 Kh8 39. Qc3 Kg8 40. Rd5 h4
41. Nf1 Nh6 42. Qc1 Rf4 43. Rd6 R8f6 44. Rxf6 Qxf6 45. Ne3 Rd4 46. Qc8+ Kg7 47.
Qb7+ Kg6 48. Rc1 Qe6 49. Rc6 Rd6 50. Rxd6 Qxd6 51. Qe4+ Kf6 52. Nd5+ Kg7 53.
Qd4+ Kg6 54. Qe4+ Kg7 55. Qd4+ Kg6 56. Qe4+ Kg7 1/2-1/2

[Event "TCh-TUR Super League 2023"]
[Site "Ankara TUR"]
[Date "2023.07.14"]
[Round "5.6"]
[Board "5"]
[White "Yakubbaeva, Nilufar"]
[Black "Salimova, Nurgyul"]
[Result "1-0"]
[WhiteTitle "WGM"]
[BlackTitle "IM"]
[WhiteElo "2311"]
[BlackElo "2409"]
[WhiteTeam "BURHANIYE"]
[BlackTeam "DENIZ SU SATRANC GENCLIK VE"]
[WhiteFideId "14204487"]
[BlackFideId "2915138"]
[EventDate "2023.07.10"]

1. e4 e5 2. Nf3 Nc6 3. Nc3 Nf6 4. d4 exd4 5. Nxd4 Bb4 6. Nxc6 bxc6 7. Bd3 d6 8.
O-O Qe7 9. a3 Bxc3 10. bxc3 O-O 11. Re1 Qe5 12. h3 Qxc3 13. Rb1 Qa5 14. Bd2 Qe5
15. f4 Qe7 16. e5 Nd7 17. exd6 Qxd6 18. Bb4 c5 19. Bc3 Qh6 20. Qf3 Ba6 21. Bxg7
Kxg7 22. Qg4+ Kh8 23. Bxa6 Qxa6 24. Qxd7 Rad8 25. Qxc7 Qxa3 26. Qe5+ f6 27. Qf5
Rd2 28. Rb3 Qa2 29. Re7 Qa1+ 30. Kh2 Rxg2+ 31. Kxg2 Rg8+ 32. Qg4 Rxg4+ 33. hxg4
Qb2 34. Rxb2 1-0

[Event "TCh-TUR Super League 2023"]
[Site "Ankara TUR"]
[Date "2023.07.14"]
[Round "5.6"]
[Board "6"]
[White "Erten, Kerem"]
[Black "Gallevci, Yagiz"]
[Result "0-1"]
[WhiteTitle "CM"]
[BlackTitle "CM"]
[WhiteElo "2287"]
[BlackElo "2204"]
[WhiteTeam "DENIZ SU SATRANC GENCLIK VE"]
[BlackTeam "BURHANIYE"]
[WhiteFideId "34588221"]
[BlackFideId "6379931"]
[EventDate "2023.07.10"]

1. e4 d5 2. exd5 Qxd5 3. Nc3 Qa5 4. d4 Nf6 5. Nf3 Bg4 6. Bd2 c6 7. Bc4 e6 8. h3
Bxf3 9. Qxf3 Qb6 10. O-O-O Qxd4 11. Nb5 Qb6 12. Be3 Qa5 13. Bd2 Qb6 14. Be3 Qa5
15. Bf4 Na6 16. Rhe1 Be7 17. Nd6+ Bxd6 18. Bxd6 O-O-O 19. Bh2 Rxd1+ 20. Rxd1 Rd8
21. Rxd8+ Kxd8 22. c3 Ke7 23. Qf4 Ne8 24. Qe4 Nac7 25. Qh4+ f6 26. Bb3 Qb5 27.
Bc4 Qc5 28. Bb3 a5 29. Bg3 h6 30. Kb1 e5 31. Qh5 b5 32. a3 a4 33. Bd1 Qc4 34.
Qf3 Nd6 35. Bc2 Ne6 36. Qe3 Qf1+ 37. Ka2 Qxg2 38. Qa7+ Kd8 39. c4 Qf1 40. Qa8+
Kc7 41. cxb5 Qc4+ 42. Kb1 cxb5 43. Qa7+ Nb7 44. Qe3 Nd4 45. Bd3 Qd5 46. Be4 Qc5
47. f4 Nb3 48. Qe1 Qd4 49. Bh1 Nd2+ 50. Ka2 Qc4+ 51. Ka1 Nc5 0-1

[Event "TCh-TUR Super League 2023"]
[Site "Ankara TUR"]
[Date "2023.07.15"]
[Round "6.1"]
[Board "1"]
[White "Sychev, Klementy"]
[Black "Volokitin, Andrei"]
[Result "1-0"]
[WhiteTitle "GM"]
[BlackTitle "GM"]
[WhiteElo "2540"]
[BlackElo "2674"]
[WhiteTeam "TAS DUVAR"]
[BlackTeam "DENIZ SU SATRANC GENCLIK VE"]
[WhiteFideId "4114060"]
[BlackFideId "14107090"]
[EventDate "2023.07.10"]

1. e4 c5 2. Nf3 d6 3. d4 cxd4 4. Nxd4 Nf6 5. Nc3 a6 6. Bd3 g6 7. f3 Qb6 8. a3
Nc6 9. Be3 e5 10. Nf5 Qd8 11. Ng3 Be6 12. Qd2 Bg7 13. O-O Rc8 14. Rfd1 O-O 15.
Bf1 Nd4 16. Nge2 d5 17. Nxd4 exd4 18. Bxd4 dxe4 19. fxe4 Bg4 20. Re1 Rc7 21. Nd5
Rc6 22. c4 Nd7 23. h3 Be6 24. Rad1 Re8 25. Kh1 Qh4 26. Bf2 Qd8 27. Qb4 b6 28.
Qa4 Qc8 29. Bh4 Bf8 30. b4 Bd6 31. c5 bxc5 32. b5 axb5 33. Bxb5 Bxd5 34. exd5
Rc7 35. Rxe8+ Qxe8 36. Re1 Qc8 37. Bc6 Ne5 38. Qf4 Qf5 39. Qxf5 gxf5 40. Bf6
Nxc6 41. Re8+ Bf8 42. dxc6 h5 43. Be7 Rxc6 44. Bxf8 Kh7 45. Re5 c4 46. Rc5 1-0

[Event "TCh-TUR Super League 2023"]
[Site "Ankara TUR"]
[Date "2023.07.15"]
[Round "6.1"]
[Board "2"]
[White "Indjic, Aleksandar"]
[Black "Visakh, N R"]
[Result "1/2-1/2"]
[WhiteTitle "GM"]
[BlackTitle "GM"]
[WhiteElo "2619"]
[BlackElo "2536"]
[WhiteTeam "DENIZ SU SATRANC GENCLIK VE"]
[BlackTeam "TAS DUVAR"]
[WhiteFideId "911925"]
[BlackFideId "25012223"]
[EventDate "2023.07.10"]

1. d4 d5 2. c4 e6 3. Nc3 Bb4 4. e3 Nf6 5. a3 Bxc3+ 6. bxc3 c6 7. a4 O-O 8. Nf3
b6 9. cxd5 cxd5 10. Ba3 Re8 11. Bb5 Bd7 12. Bd3 Nc6 13. c4 e5 14. dxe5 dxc4 15.
Bxc4 Nxe5 16. Nxe5 Rxe5 17. O-O Bc6 18. Bb2 Qxd1 19. Rfxd1 Rg5 20. Bf1 Rd5 21.
Rdc1 Be8 22. Rc4 b5 23. axb5 Bxb5 24. Rc7 Bxf1 25. Raxa7 Rad8 26. Rxf7 Nh5 27.
h3 Bb5 28. Bxg7 R5d7 29. Rfxd7 Rxd7 30. Rxd7 Bxd7 31. Bd4 Kf7 32. Kh2 Nf6 33. f3
Bb5 34. g4 h5 35. Kg3 hxg4 36. fxg4 Ne4+ 37. Kf4 Nf2 38. Kg3 Ne4+ 39. Kf4 Nf2 1/2-1/2

[Event "TCh-TUR Super League 2023"]
[Site "Ankara TUR"]
[Date "2023.07.15"]
[Round "6.1"]
[Board "3"]
[White "Samani, Yamac"]
[Black "Citak, Selim"]
[Result "1-0"]
[WhiteTitle "FM"]
[BlackTitle "FM"]
[WhiteElo "2375"]
[BlackElo "2327"]
[WhiteTeam "TAS DUVAR"]
[BlackTeam "DENIZ SU SATRANC GENCLIK VE"]
[WhiteFideId "6352634"]
[BlackFideId "6301819"]
[EventDate "2023.07.10"]

1. d4 Nf6 2. Bf4 d5 3. e3 e6 4. Nf3 Bd6 5. Ne5 O-O 6. Nd2 c5 7. c3 Nc6 8. Bd3
Qc7 9. Ndf3 Ne7 10. Ng5 h6 11. h4 Bd7 12. Qf3 Be8 13. g4 cxd4 14. exd4 Nc6 15.
Qg3 Rd8 16. f3 Nd7 17. Nexf7 Rxf7 18. Bxd6 Qb6 19. Nxf7 Qxb2 20. Nxh6+ gxh6 21.
O-O Qxc3 22. Rad1 Qxd4+ 23. Kh1 Qg7 24. Rfe1 Bf7 25. g5 hxg5 26. hxg5 Nf8 27.
Rd2 Qc3 28. Red1 Ng6 29. Bxg6 Bxg6 30. Bf4 e5 31. Rxd5 Rxd5 32. Rxd5 exf4 33.
Qxf4 Qe1+ 34. Kg2 Qe2+ 35. Kg1 Qe1+ 36. Kg2 Qe2+ 37. Kg1 Qxa2 38. Rd6 Qb1+ 39.
Kg2 Qf5 40. Qxf5 Bxf5 41. Kg3 a5 42. Kf4 Bc8 43. g6 Kg7 44. Kg5 Ne5 45. f4 Nf3+
46. Kh5 Bf5 47. Rb6 Be4 48. Re6 Bd5 49. Rd6 Be4 50. Rd7+ Kf6 51. Rf7+ Ke6 52.
f5+ Bxf5 53. Rxf5 Kxf5 54. g7 Ke4 55. g8=Q Nd4 56. Qh7+ Kd5 57. Qxb7+ Kc4 58.
Qa6+ Kb4 59. Qd6+ Kc4 60. Qa3 Kb5 61. Qd3+ 1-0

[Event "TCh-TUR Super League 2023"]
[Site "Ankara TUR"]
[Date "2023.07.15"]
[Round "6.1"]
[Board "4"]
[White "Yurtseven, Melih"]
[Black "Selbes, Tarik"]
[Result "1-0"]
[WhiteTitle "IM"]
[BlackTitle "FM"]
[WhiteElo "2329"]
[BlackElo "2245"]
[WhiteTeam "DENIZ SU SATRANC GENCLIK VE"]
[BlackTeam "TAS DUVAR"]
[WhiteFideId "6312160"]
[BlackFideId "6302513"]
[EventDate "2023.07.10"]

1. e4 e5 2. Nf3 Nc6 3. Bb5 a6 4. Ba4 Nge7 5. O-O g6 6. c3 Bg7 7. d4 b5 8. Bb3
exd4 9. cxd4 Na5 10. Bc2 d6 11. Re1 O-O 12. Nbd2 c5 13. d5 h6 14. Nf1 Nc4 15.
Rb1 Bg4 16. N1d2 Nxd2 17. Bxd2 g5 18. h3 Bxf3 19. Qxf3 Ng6 20. g3 Bd4 21. Kg2
Kg7 22. Rf1 Qe7 23. Qh5 Rh8 24. b3 Rag8 25. Kh2 Kf8 26. Rbe1 Qe5 27. Re2 Qg7 28.
Qg4 Ke7 29. e5 dxe5 30. b4 h5 31. Qxg5+ Kd6 32. bxc5+ Bxc5 33. Bxg6 Qxg6 34.
Qxe5+ Kd7 35. d6 Bxd6 36. Qd5 h4 37. Qb7+ Bc7 38. Bf4 hxg3+ 39. fxg3 Rxh3+ 40.
Kxh3 Qh5+ 41. Kg2 Qxe2+ 42. Rf2 Qc4 43. Rd2+ Ke6 44. Bxc7 Kf5 45. Qf3+ Kg6 46.
Be5 f5 47. Rd6+ 1-0

[Event "TCh-TUR Super League 2023"]
[Site "Ankara TUR"]
[Date "2023.07.15"]
[Round "6.1"]
[Board "5"]
[White "Nurmanova, Alua"]
[Black "Salimova, Nurgyul"]
[Result "1-0"]
[WhiteTitle "WIM"]
[BlackTitle "IM"]
[WhiteElo "2183"]
[BlackElo "2409"]
[WhiteTeam "TAS DUVAR"]
[BlackTeam "DENIZ SU SATRANC GENCLIK VE"]
[WhiteFideId "13729390"]
[BlackFideId "2915138"]
[EventDate "2023.07.10"]

1. e4 e5 2. Nf3 Nc6 3. Bb5 a6 4. Ba4 Nf6 5. O-O Nxe4 6. d4 b5 7. Bb3 d5 8. dxe5
Be6 9. c3 Be7 10. Bf4 O-O 11. Nd4 Nxd4 12. cxd4 f6 13. Nd2 fxe5 14. Bxe5 Nd6 15.
Bc2 Bf5 16. Rc1 Rc8 17. Bxf5 Rxf5 18. Qc2 Rg5 19. Qc6 Nc4 20. Nxc4 dxc4 21. Qxa6
Rxg2+ 22. Kh1 Qd7 23. a4 Rg6 24. Qxb5 Qh3 25. Qxc4+ Kh8 26. Qd5 c6 27. Qe4 Rg4
28. f4 Rf8 29. Qf3 Qh4 30. Rg1 Rxg1+ 31. Rxg1 Bf6 32. Qg4 Qh6 33. Qe6 Qh5 34.
Qxc6 h6 35. Qb7 Bxe5 36. dxe5 g5 37. f5 Rf7 38. Qe4 Rd7 39. Qg4 Qe8 40. Qh3 Kh7
41. f6 Rd2 42. Qf5+ Kh8 43. Qe4 Rxb2 44. Rf1 Qf7 45. a5 g4 46. Rd1 Qc7 47. a6 g3
48. hxg3 Qc8 49. e6 Rb5 50. a7 Rh5+ 51. Kg2 Ra5 1-0

[Event "TCh-TUR Super League 2023"]
[Site "Ankara TUR"]
[Date "2023.07.15"]
[Round "6.1"]
[Board "6"]
[White "Erten, Kerem"]
[Black "Tarlabasi, Emirhan"]
[Result "0-1"]
[WhiteTitle "CM"]
[BlackTitle "FM"]
[WhiteElo "2287"]
[BlackElo "2301"]
[WhiteTeam "DENIZ SU SATRANC GENCLIK VE"]
[BlackTeam "TAS DUVAR"]
[WhiteFideId "34588221"]
[BlackFideId "6350275"]
[EventDate "2023.07.10"]

1. e4 e6 2. d4 d5 3. e5 c5 4. c3 Nc6 5. Nf3 Qb6 6. Be2 cxd4 7. cxd4 Nh6 8. Bxh6
Qxb2 9. Nc3 Qxc3+ 10. Bd2 Qa3 11. h4 h6 12. O-O a6 13. Qc2 Bd7 14. Rfb1 b5 15.
Bc1 Qa5 16. a4 b4 17. Qd2 Qd8 18. Bd3 a5 19. h5 Na7 20. Qd1 Nc8 21. Bd2 Nb6 22.
Rc1 Rc8 23. Rxc8 Qxc8 24. Nh4 Nc4 25. Bc1 Qb7 26. Qf3 Bc6 27. Bc2 Qb6 28. Qd3
Be7 29. Nf3 Kd7 30. Bb3 Bb7 31. Bf4 Ba6 32. Qc2 Na3 33. Qb2 Rc8 34. Bd2 Nc4 35.
Qa2 Nxd2 36. Qxd2 Qc6 37. Qa2 Ke8 38. Re1 Bd3 39. Re3 Qc1+ 40. Kh2 Bc4 41. Re1
Qa3 42. Bxc4 Rxc4 43. Qe2 Qxa4 44. Nd2 Qc2 45. Ra1 Bg5 46. Rxa5 Qxd2 47. Ra8+
Kd7 48. Qf1 Qxd4 49. g3 Bd8 50. Qe2 Bb6 51. Ra2 b3 52. Rb2 Qxf2+ 0-1

[Event "TCh-TUR Super League 2023"]
[Site "Ankara TUR"]
[Date "2023.07.15"]
[Round "6.2"]
[Board "1"]
[White "Nihal, Sarin"]
[Black "Ivic, Velimir"]
[Result "1/2-1/2"]
[WhiteTitle "GM"]
[BlackTitle "GM"]
[WhiteElo "2688"]
[BlackElo "2590"]
[WhiteTeam "BAYEGAN PENDIK"]
[BlackTeam "BURHANIYE"]
[WhiteFideId "25092340"]
[BlackFideId "950122"]
[EventDate "2023.07.10"]

1. Nf3 d5 2. g3 g6 3. Bg2 Bg7 4. d4 Nf6 5. O-O O-O 6. h3 c6 7. Be3 Bf5 8. Nbd2
a5 9. a4 Qb6 10. Qc1 Ne4 11. c3 Nxd2 12. Nxd2 Nd7 13. Re1 Rfe8 14. g4 Be6 15.
Nf3 Nf6 16. Ne5 Rad8 17. Nd3 Bc8 18. Bh6 Bh8 19. Qc2 Ne4 20. Rad1 Nd6 21. Bf4
Bg7 22. e3 f6 23. Bxd6 Rxd6 24. c4 Rdd8 25. cxd5 cxd5 26. b4 axb4 27. Rb1 Qd6
28. Rxb4 e5 29. Reb1 Kh8 30. Rb5 Qe6 31. dxe5 fxe5 32. Qb3 d4 33. Qxe6 Bxe6 34.
exd4 Bc4 35. Nxe5 Bxb5 36. Nf7+ Kg8 37. Nxd8 Bd3 38. Rb3 Rxd8 39. Rxd3 Bxd4 40.
Be4 b6 41. Kg2 Rd6 42. f4 Bc5 43. Bd5+ Kg7 44. Kf3 Rd7 45. h4 Rd8 46. g5 h6 47.
Kg4 Rd7 48. gxh6+ Kxh6 49. Bc4 1/2-1/2

[Event "TCh-TUR Super League 2023"]
[Site "Ankara TUR"]
[Date "2023.07.15"]
[Round "6.2"]
[Board "2"]
[White "Skoberne, Jure"]
[Black "Mamedyarov, Shakhriyar"]
[Result "1/2-1/2"]
[WhiteTitle "GM"]
[BlackTitle "GM"]
[WhiteElo "2536"]
[BlackElo "2742"]
[WhiteTeam "BURHANIYE"]
[BlackTeam "BAYEGAN PENDIK"]
[WhiteFideId "14604299"]
[BlackFideId "13401319"]
[EventDate "2023.07.10"]

1. d4 Nf6 2. Nf3 g6 3. Bg5 Bg7 4. Nbd2 c5 5. Bxf6 Bxf6 6. Ne4 Bxd4 7. Nxd4 cxd4
8. Qxd4 O-O 9. c4 Nc6 10. Qd2 d6 11. e3 Be6 12. Be2 Rc8 13. O-O Ne5 14. b3 d5
15. Qb2 Qc7 16. cxd5 Bxd5 17. Rac1 Qb8 18. Nc3 Bc6 19. Qa3 e6 20. Rfd1 Rfd8 21.
h3 Rxd1+ 22. Nxd1 Rd8 23. Nc3 h5 24. Rd1 Rxd1+ 25. Bxd1 a6 26. Qc5 Qc7 27. Qd4
Nd7 28. Bf3 Bxf3 29. gxf3 e5 30. Qb4 Nf6 31. Ne4 Nxe4 32. Qxe4 Kg7 33. a4 Kf6
34. Qd5 Qc6 35. Qd8+ Ke6 36. Kg2 Qd5 37. Qc8+ Kd6 38. b4 Qc6 39. Qd8+ Ke6 40. e4
Qd6 41. Qc8+ Qd7 42. Qb8 Qe7 43. Qc8+ Qd7 44. Qb8 h4 45. Qa8 Qe7 46. Qc8+ Kf6
47. b5 axb5 48. axb5 b6 49. Qc6+ Qe6 50. Qc7 Kg7 51. Qd8 Qf6 52. Qc7 Qe6 53. Qd8
Qf6 54. Qc7 Qe6 55. Qd8 Qf6 1/2-1/2

[Event "TCh-TUR Super League 2023"]
[Site "Ankara TUR"]
[Date "2023.07.15"]
[Round "6.2"]
[Board "3"]
[White "Ali Marandi, Cemil Can"]
[Black "Celik, Hasan Huseyin"]
[Result "1-0"]
[WhiteTitle "GM"]
[BlackTitle "FM"]
[WhiteElo "2568"]
[BlackElo "2405"]
[WhiteTeam "BAYEGAN PENDIK"]
[BlackTeam "BURHANIYE"]
[WhiteFideId "6300529"]
[BlackFideId "44506759"]
[EventDate "2023.07.10"]

1. Nf3 Nf6 2. c4 c6 3. g3 d5 4. Bg2 e6 5. O-O Be7 6. d4 O-O 7. Qc2 b6 8. Nbd2
Ba6 9. Re1 Nbd7 10. e4 Rc8 11. e5 Ne8 12. Bf1 Nc7 13. b3 c5 14. Bb2 Bb7 15. Rad1
Qe8 16. Bg2 b5 17. b4 cxb4 18. c5 Nb8 19. h4 f5 20. exf6 Bxf6 21. Ng5 Bxg5 22.
hxg5 Qg6 23. Qxg6 hxg6 24. Nf3 Nc6 25. Nh4 Ne7 26. Bh3 Kf7 27. Bc1 Rh8 28. Kg2
Bc6 29. Bf4 Bd7 30. Bd6 Rh5 31. Bxe7 Kxe7 32. Nxg6+ Kd8 33. Ne5 Be8 34. f4 Rh8
35. g4 a5 36. f5 Rf8 37. Rf1 exf5 38. gxf5 Ra8 39. f6 gxf6 40. gxf6 Rg8+ 41. Kh2
Bh5 42. f7 1-0

[Event "TCh-TUR Super League 2023"]
[Site "Ankara TUR"]
[Date "2023.07.15"]
[Round "6.2"]
[Board "4"]
[White "Bicer, Atakan Mert"]
[Black "Koksal, Ege"]
[Result "1/2-1/2"]
[WhiteTitle "FM"]
[BlackTitle "IM"]
[WhiteElo "2311"]
[BlackElo "2321"]
[WhiteTeam "BURHANIYE"]
[BlackTeam "BAYEGAN PENDIK"]
[WhiteFideId "34560645"]
[BlackFideId "6317626"]
[EventDate "2023.07.10"]

1. c4 Nf6 2. g3 c6 3. Bg2 d5 4. Nf3 dxc4 5. O-O Nbd7 6. Na3 Nb6 7. Qc2 Be6 8. b3
cxb3 9. axb3 g6 10. e4 Bg7 11. Bb2 O-O 12. d4 a5 13. Ng5 Bc8 14. Nb1 Ne8 15. Rd1
Nd6 16. Nc3 Bg4 17. Rd3 e6 18. Nf3 Bxf3 19. Bxf3 f5 20. Re1 fxe4 21. Nxe4 Nxe4
22. Rxe4 Nd5 23. Qe2 Kh8 24. h4 a4 25. bxa4 Rxa4 26. Rb3 Rb4 27. Rxb4 Nxb4 28.
h5 gxh5 29. Rh4 Nd5 30. Rxh5 Qf6 31. Be4 h6 32. Rh4 c5 33. Rg4 cxd4 34. Bxd5
exd5 35. Bxd4 Qxd4 36. Rxd4 Bxd4 37. Qe6 Bxf2+ 38. Kg2 Kg7 39. Qxd5 b6 40. Kh3
Bc5 41. Kg4 Rf6 42. Kh5 Rd6 43. Qe5+ Kf7 44. Qf5+ Ke7 45. Qh7+ Kd8 46. Qb7 Ke8 1/2-1/2